Vizualizácia informácií z veľkých objemov údajov (big data) diplomová práca

Enregistré dans:
Détails bibliographiques
Auteur principal: Bartko, Maroš
Collectivité auteur: Fakulta hospodárskej informatiky EU. Katedra aplikovanej informatiky
Autres auteurs: Mišút, Martin, 1962-
Format: Livre
Langue:slovaque
Publié: Bratislava 2019
Tags: Ajouter un tag
Pas de tags, Soyez le premier à ajouter un tag!

MARC

LEADER 00000nbm a2200000 4500
001 0255845
005 20191212094506.6
041 0 |a slo 
044 |a SK 
245 1 0 |a Vizualizácia informácií z veľkých objemov údajov (big data)  |b diplomová práca  |c Maroš Bartko ; školiteľ: Martin Mišút 
264 1 |a Bratislava  |c 2019 
300 |a 65 s. 
100 1 |a Bartko, Maroš 
700 1 |a Mišút, Martin, 1962- 
710 2 |a Fakulta hospodárskej informatiky EU. Katedra aplikovanej informatiky